Las estatuas
Bewaard in:
| Hoofdauteur: | |
|---|---|
| Formaat: | Boek |
| Taal: | Spaans |
| Gepubliceerd in: |
Buenos Aires
Emecé
1975
|
| Reeks: | Novelistas contemporáneos. Novelas, cuentos y relatos
|
| Onderwerpen: | |
| Tags: |
Voeg label toe
Geen labels, Wees de eerste die dit record labelt!
|
MARC
| LEADER | 00000nam a2200000 a 4500 | ||
|---|---|---|---|
| 001 | UCX2753 | ||
| 003 | CL-VaPUC | ||
| 008 | 910808e19750000AG |||||||||||||||||spa|d | ||
| 082 | 0 | 4 | |a Ar863 |b LAN |2 21 |
| 100 | |a Lancelotti, Mario A |e author |9 471141 | ||
| 245 | 1 | 4 | |a Las estatuas |
| 300 | |a 226 p | ||
| 942 | |c BK | ||
| 945 | |d 19910808 00:00:00 | ||
| 260 | |a Buenos Aires |b Emecé |c 1975 | ||
| 650 | 7 | |a CUENTOS ARGENTINOS |2 CL-VaPUC |9 318828 | |
| 583 | |a last modification |c 19910808 00:00:00 |k Rodrigo Vera | ||
| 490 | 0 | |a Novelistas contemporáneos. Novelas, cuentos y relatos | |
| 999 | |c 223701 |d 223699 | ||
| 952 | |0 0 |1 0 |4 0 |6 AR_863_000000000000000_LAN_1975 |7 0 |8 A |9 219732 |a BIBEDU |b BIBEDU |d 2019-11-15 |i 2884380 |o Ar863 LAN 1975 |p 2884380 |r 2019-11-15 |w 2019-11-15 |y BK |k LIT | ||